| 000 | 00644nam a2200217 a 4500 | ||
|---|---|---|---|
| 001 | 000022929 | ||
| 005 | 20200930021858.0 | ||
| 008 | 101123s1950 ag ac r 000 0 spa d | ||
| 040 |
_aDO-SdBNP _bspa _cBNPHU |
||
| 082 |
_a882.1 _bE779s |
||
| 245 | 0 | 0 | _aEsquilo, Sófocles. |
| 250 | _a2a ed. | ||
| 260 |
_aBuenos Aires, Argentina : _bEl Ateneo, _c1950. |
||
| 300 |
_a810 p. ; _c20 cm. |
||
| 490 | 1 | _aClásicos inolvidables | |
| 504 | _aIncluye referencias bibliográficas y notas al pie de las páginas | ||
| 650 | 4 |
_aTeatro griego _925558 |
|
| 650 | 4 |
_aLiteratura griega _92386 |
|
| 830 | 0 |
_aClásicos inolvidables _914249 |
|
| 049 | _aBNGR | ||
| 999 |
_c22426 _d22426 |
||